Culture Générale - Série 2439 - Statistiques

Statistiques générales
  • Ce quiz a été pris 146 fois
  • Le résultat moyen est 4 sur 10
Statistiques - réponses
Question Réponse % Correct
De quel pays Lomé est-elle la capitale ? Togo
81%
Quelle est la nationalité de l'actrice Marie Gillain ? voir photo belge
78%
Quel aliment est appelé "bagel" dans les pays anglo-américain ? pain
59%
Analyse menée par un ou plusieurs experts, avec un œil impartial et si possible indépendant, sur un aspect précis de l’entreprise audit
48%
Dans quelle capitale européenne peut-on déambuler dans le quartier de Christiania ? Copenhague
42%
En botanique, comment appelle-t-on l'ensemble des pétales d'une fleur ouverte ? corolle
39%
Equidé hybride issu du croisement d'un étalon et d'une ânesse bardot
30%
Comment appelle-t-on également le serpent eunecte ? anaconda
16%
Tannage des peaux d'ovins et caprins destinées à l'industrie de la chaussure, de la ganterie ou de l'habillement, dans le cadre de la production du cuir. mégisserie
5%
Fiole longue et étroite, faite de terre ou de verre, facile à transporter en poche ou dans un panier-repas - 7 lettres commençant par " t " topette
0%
Aucun quiz correspondant
Distribution des résultats
% des personnes avec chaque résultat
Percentile par nombre de réponses
Votre historique - résultats
Vous n’avez pas pris ce quiz